[Event "Astana Open-A 2019"]
[Site "Nur-Sultan"]
[Date "2019.07.10"]
[Round "2"]
[White "Zhalmakhanov, Ramazan"]
[Black "Shomoev, Anton"]
[Result "1/2-1/2"]
[WhiteElo "2367"]
[BlackElo "2559"]
[Annotator "RC"]
[PlyCount "103"]
[EventDate "2019.07.11"]
[EventCountry "KAZ"]
[SourceTitle "playchess.com"]
[Source "ChessBase"]
[SourceQuality "1"]
[TimeControl "90+30"]

1. e4 {[%emt 0:00:00]} c5 {[%emt 0:00:00]} 2. Nf3 {[%emt 0:00:00]} d6 {[%emt 0:00:00]} 3. d4 {[%emt 0:00:00]} cxd4 {[%emt 0:00:00]} 4. Nxd4 {[%emt 0:00:00]} Nf6 {[%emt 0:00:00]} 5. Nc3 {[%emt 0:00:00]} a6 {[%emt 0:00:00]} 6. Bc4 {[%emt 0:00:00]} e6 {[%emt 0:00:00]} 7. Bb3 {[%emt 0:00:00]} b5 {[%emt 0:00:00]} 8. O-O {[%emt 0:00:00]} Be7 {[%emt 0:00:00]} 9. Qf3 {[%emt 0:00:00]} Qc7 {[%emt 0:00:00]} 10. Qg3 {[%emt 0:00:00]} O-O {[%emt 0:00:00]} 11. Bh6 {[%emt 0:00:00]} Ne8 {[%emt 0:00:00]} 12. Rad1 {[%emt 0:00:00]} Bd7 {[%emt 0:00:00]} 13. Rfe1 {[%emt 0:00:00]} Bf6 {[%emt 0:00:00]} 14. Bg5 {[%emt 0:00:00]} Bxg5 {[%emt 0:00:00]} 15. Qxg5 {[%emt 0:00:00]} Nc6 {[%emt 0:00:00]} 16. Nce2 {[%emt 0:00:00]} Nf6 {[%emt 0:00:00]} 17. Ng3 {[%emt 0:00:00]} Rfd8 {[%emt 0:00:00]} 18. Nxc6 {[%emt 0:00:00]} Bxc6 {[%emt 0:00:00]} 19. Rd4 {[%emt 0:00:00]} Rd7 {[%emt 0:00:00]} 20. f3 {[%emt 0:00:00]} Qb6 {[%emt 0:00:00]} 21. Qe3 {[%emt 0:00:00]} a5 {[%emt 0:00:00]} 22. a3 {[%emt 0:00:00]} b4 {[%emt 0:00:00]} 23. axb4 {[%emt 0:00:00]} axb4 {[%emt 0:00:00]} 24. Rdd1 {[%emt 0:00:00]} Qxe3+ {[%emt 0:00:00]} 25. Rxe3 {[%emt 0:00:00]} Kf8 {[%emt 0:00:00]} 26. Red3 {[%emt 0:00:00]} d5 {[%emt 0:00:00]} 27. e5 {[%emt 0:03:06]} Ne8 {[%emt 0:00:00]} 28. f4 {[%emt 0:00:27]} g6 {[%emt 0:00:00]} 29. Kf2 {[%emt 0:02:27]} Rb7 {[%emt 0:00:00]} 30. R3d2 {[%emt 0:02:03]} Nc7 {[%emt 0:01:01]} 31. Ne2 {[%emt 0:00:18]} Rb6 {[%emt 0:04:06]} 32. Nd4 {[%emt 0:00:49]} Na6 {[%emt 0:00:09]} 33. Ra1 {[%emt 0:02:11]} Nc5 {[%emt 0:00:18]} 34. Rxa8+ {[%emt 0:01:16]} Bxa8 {[%emt 0:00:02]} 35. Ke3 {[%emt 0:00:20]} Bc6 {[%emt 0:03:46]} 36. Rd1 {[%emt 0:00:53]} Ra6 {[%emt 0:00:16]} 37. g4 {[%emt 0:00:55]} Bd7 {[%emt 0:00:46]} 38. h4 {[%emt 0:01:04]} Ke7 {[%emt 0:05:56]} 39. Rh1 {[%emt 0:01:07]} Ne4 {[%emt 0:01:26]} 40. Rd1 {[%emt 0:02:18]} Nc5 {[%emt 0:01:53]} 41. Rh1 {[%emt 0:01:02]} f6 {[%emt 0:00:41]} 42. exf6+ {[%emt 0:00:32]} Kxf6 {[%emt 0:00:02]} 43. g5+ {[%emt 0:00:31]} Kg7 {[%emt 0:00:35]} 44. h5 {[%emt 0:01:05]} gxh5 {[%emt 0:00:19]} 45. Rxh5 {[%emt 0:00:05]} Be8 {[%emt 0:00:29]} 46. Rh1 {[%emt 0:00:21]} Bg6 {[%emt 0:00:15]} 47. Rd1 {[%emt 0:00:39]} Be4 {[%emt 0:00:16]} 48. Nb5 {[%emt 0:01:13]} Rb6 {[%emt 0:01:29]} 49. Nd4 {[%emt 0:00:07]} Ra6 {[%emt 0:00:07]} 50. Nb5 {[%emt 0:00:05]} Rb6 {[%emt 0:01:38]} 51. Nd4 {[%emt 0:00:06]} Ra6 {[%emt 0:00:31]} 52. Nb5 {[%emt 0:00:22]} 1/2-1/2

[Event "Astana Open-A 2019"]
[Site "Nur-Sultan"]
[Date "2019.07.10"]
[Round "2"]
[White "Igambergenov, Alibek"]
[Black "Vakhidov, Jakhongir"]
[Result "1-0"]
[WhiteElo "2337"]
[BlackElo "2541"]
[Annotator "TA"]
[PlyCount "87"]
[EventDate "2019.07.11"]
[EventCountry "KAZ"]
[SourceTitle "playchess.com"]
[Source "ChessBase"]
[SourceQuality "1"]

{[%evp 11,87,37,44,44,44,44,38,41,45,45,41,32,35,35,34,10,35,36,60,47,73,60,63,66,62,62,66,42,82,75,143,147,143,133,143,139,133,135,134,129,142,146,227,213,204,239,304,291,270,249,322,235,522,522,517,504,699,708,699,674,621,589,720,720,1405,1383,1314,1334,1753,1734,1828,1913,29985,29986,29986,29987,29987,29980]} 1. Nf3 d6 2. d4 g6 3. c4 Nf6 4. Nc3 Bf5 5. Nh4 Bd7 6. e4 e5 7. Nf3 {E61: King's Indian: Early deviations for White, including Smyslov System} (7. dxe5 dxe5 8. Nf3 Nc6 9. Be2 Bg7 10. O-O O-O 11. h3 Be6 12. Be3 Qxd1 13. Rfxd1 Rfd8 14. Nd5 Nxe4 15. Nxc7 Rac8 16. Nxe6 fxe6 17. Bd3 Nf6 18. Ng5 Nb4 19. Bf1 Nc2 20. Nxe6 Rxd1 21. Rxd1 Nxe3 22. fxe3 {½-½ (97) Li,C (2751)-Mamedov,R (2650) Huaian 2016}) 7... exd4 8. Nxd4 Bg7 9. Be2 {White is slightly better.} Nc6 10. Be3 O-O 11. O-O Re8 12. f3 Nh5 13. Nxc6 Bxc6 14. Qd2 Qe7 $146 ({Predecessor:} 14... f5 15. exf5 {1-0 (45) Ivanov,J (2382)-Llorente Zaro,A (2422) Mondariz 2007}) 15. Bd3 Be5 16. Rae1 Qf6 17. Ne2 Qh4 (17... Bxb2 $2 18. g4 $16) 18. g3 Qh3 19. Nd4 Qd7 20. b4 {Strongly threatening b5.} b6 (20... Ba4 $142) 21. Nxc6 $16 Qxc6 {[#]} 22. g4 $1 {[%cal Rg4h5]} Ng7 23. f4 Bf6 24. g5 Be7 25. f5 {Black must now prevent f6.} Bf8 26. Bd4 $36 {[%mdl 2048] White is on the roll.} ({Don't take} 26. fxg6 $6 hxg6 27. Rf3 Re7 $14) 26... a5 (26... Qd7 $16 27. Bc3 c5) 27. b5 $18 ({Less strong is} 27. fxg6 hxg6 28. b5 Qd7 $14) 27... Qd7 28. Re3 Re5 29. Ref3 ({Not} 29. Bxe5 dxe5 30. Kh1 Bc5 $14) 29... Rae8 30. Kh1 Nh5 31. Bc2 {And now fxg6 would win.} Qe7 $2 (31... Bg7 32. Bxe5 Rxe5) 32. fxg6 fxg6 33. c5 Bg7 34. Bb3+ Kh8 35. Rf7 Qd8 36. Bxe5 Bxe5 37. c6 Qc8 38. Qf2 {Threatening mate with Rf8+.} Bg7 39. Bd5 Qd8 40. Rd7 Qb8 41. Qg2 Rf8 42. Rxf8+ {[%mdl 64] [#] Overworked Piece. White mates.} Qxf8 43. Rxc7 Qf4 44. Rf7 {Accuracy: White = 92%, Black = 40%.} 1-0

[Event "Astana Open-A 2019"]
[Site "Nur-Sultan"]
[Date "2019.07.11"]
[Round "3"]
[White "Amonatov, Farrukh"]
[Black "Malakhatko, Vadim"]
[Result "1/2-1/2"]
[WhiteElo "2632"]
[BlackElo "2462"]
[Annotator "TA"]
[PlyCount "85"]
[EventDate "2019.07.11"]
[EventCountry "KAZ"]
[SourceTitle "playchess.com"]
[Source "ChessBase"]
[SourceQuality "1"]

{[%evp 9,85,11,27,14,27,18,13,10,25,21,25,7,29,19,29,20,27,24,25,21,18,29,23,27,27,21,14,0,18,0,-6,-16,-4,-18,0,0,14,-24,-75,-88,-31,-42,0,0,0,0,0,0,21,22,17,21,20,0,0,0,139,150,160,139,138,135,133,133,129,146,138,42,42,42,42,0,15,0,0,0,0,0]} 1. e4 e6 2. d4 d5 3. Nc3 h6 4. Nge2 (4. f4 dxe4 5. Nxe4 Nd7 6. Nf3 Ngf6 7. Nxf6+ Nxf6 8. Bd3 c5 9. Qe2 cxd4 10. Bd2 Qb6 11. O-O-O Bd7 {0-1 (66) Short,N (2646)-Lomasov,S (2553) Moscow 2018}) 4... dxe4 5. Nxe4 Nd7 $146 ({Predecessor:} 5... Nf6 6. N2c3 Nxe4 7. Nxe4 Bd7 8. Be2 Bc6 9. Bf3 Nd7 10. O-O Bxe4 11. Bxe4 c6 {1-0 (38) Sahl,B (2405)-Bern,I (2269) Moss 2005}) 6. g3 {C10: French with 3 Nc3: Unusual Black 3rd moves and 3...dxe4} Ngf6 7. Nxf6+ Nxf6 8. Bg2 Bd6 9. O-O O-O 10. c4 c6 11. Nc3 e5 12. c5 Bc7 13. d5 cxd5 14. Nxd5 Nxd5 15. Bxd5 Qe7 16. Qc2 Rd8 17. Bg2 f5 18. b4 e4 19. Bb2 Be6 20. Rfd1 Qf7 21. Bf1 Rxd1 22. Rxd1 Bxa2 23. b5 Bb3 (23... Kh7 $11 24. Ra1 Bb3) 24. Qc3 $17 Re8 (24... Bxd1 $2 {is the wrong capture.} 25. Bc4 $1 $18 {[%mdl 512]}) (24... f4 $1 $17 25. Rb1 Be6) 25. Rd2 $15 f4 {[#] And now ...e3 would win.} 26. Qxg7+ $1 {[%mdl 512]} Qxg7 27. Bxg7 e3 28. Rd7 {Hoping for fxe3.} e2 29. Bxe2 $1 Rxe2 30. Rxc7 $11 {[%mdl 4096] Endgame KRB-KRB} Bd5 {[%cal Re2e1]} 31. Kf1 f3 {...Bc4 is the strong threat.} 32. h4 ({Not} 32. Bxh6 $2 Bc4 $19) 32... h5 {[#]} (32... Rd2 $1 $11 {keeps the balance.} 33. Kg1 Rd1+ 34. Kh2 Rd2) 33. Kg1 $1 $16 Re1+ 34. Kh2 Rb1 35. Bf6 Rxb5 {[#]} 36. g4 $1 {[%mdl 512]} Rb4 (36... hxg4 37. h5) 37. gxh5 Rf4 38. Bg5 (38. Rc8+ $16 Kf7 39. h6) 38... Rf7 $14 39. Rc8+ Rf8 $1 {[%cal Rf8c8]} 40. Rc7 Rf7 {The position is equal.} 41. Be7 Kh7 42. Kg3 a5 43. Bd6 {Accuracy: White = 57%, Black = 56%.} 1/2-1/2

[Event "Astana Open-A 2019"]
[Site "Nur-Sultan"]
[Date "2019.07.11"]
[Round "3"]
[White "Akhmetov, Ayan"]
[Black "Stupak, Kirill"]
[Result "1-0"]
[WhiteElo "2430"]
[BlackElo "2560"]
[Annotator "TA"]
[PlyCount "81"]
[EventDate "2019.07.11"]
[EventCountry "KAZ"]
[SourceTitle "playchess.com"]
[Source "ChessBase"]
[SourceQuality "1"]

{[%evp 9,81,0,14,12,25,26,26,13,33,23,31,30,37,19,23,20,30,37,41,27,47,6,148,119,184,195,191,197,188,183,242,230,296,306,292,279,927,914,897,747,748,712,732,672,883,881,708,523,515,492,460,481,466,460,504,456,503,502,478,483,488,470,466,459,614,602,940,863,1751,1658,29977,29978,29995,29996]} 1. d4 Nf6 2. Nc3 d5 3. Bf4 a6 4. e3 e6 (4... b5 5. Nf3 Bb7 6. Bd3 e6 7. Ne2 Nbd7 8. O-O Ne4 9. Ng3 g5 10. Be5 Rg8 11. Bxe4 dxe4 {0-1 (44) Alekseenko,K (2638)-Kovalev,V (2683) St Petersburg 2018}) 5. g4 c5 6. g5 {D00: 1 d4 d5: Unusual lines} Nfd7 7. Nf3 Nc6 8. h4 {White has an edge.} cxd4 9. exd4 b5 $146 ({Predecessor:} 9... Bb4 10. Bh3 Qa5 11. Qd3 Nb6 {½-½ (45) Alekseenko,K (2563)-Timofeev,A (2549) Sochi 2017}) 10. Bd3 Nb6 11. a4 $36 {[%mdl 2048] White has good play.} Nc4 12. Qc1 Qb6 13. axb5 Nxd4 14. Nxd4 Qxd4 15. bxa6 Nxb2 ({But not} 15... Bxa6 $2 16. Nb5 $1 $18 {[%mdl 512]}) (15... Rxa6 $11 16. Rxa6 Bxa6) 16. Bb5+ $16 Kd8 (16... Bd7 $16 17. Qe3 (17. Qxb2 Bb4 $11) 17... Qxe3+ 18. Bxe3 Bd6) 17. Rh3 $18 Bc5 {[%csl Gc5][%cal Rd4f2] [#]} 18. Rf3 $1 Nc4 {[#] ...Bb4 is the strong threat.} 19. Ra4 $1 Ke7 (19... Bd7 {keeps fighting.} 20. Bxd7 Kxd7) 20. Kf1 Bd7 21. Bxd7 Kxd7 22. Qb1 {And now Qb7+ would win.} Bb6 $2 (22... Rhb8 23. Bxb8 {[%mdl 64] Discovered Attack} Nd2+ 24. Kg2 Nxb1 25. Rxd4 Bxd4) 23. Qb5+ Kd8 24. Be3 Nxe3+ 25. fxe3 Qc5 26. Rxf7 {[%csl Gf7][%cal Rb5d7]} Qxb5+ 27. Nxb5 Bxe3 28. Nc7 Ra7 29. Nxe6+ {[%mdl 64] Double Attack} Kc8 30. Rxg7 Rxg7 31. Nxg7 {[%mdl 4096] Endgame KRB-KRN} Rf8+ 32. Ke2 Ba7 33. Nh5 Rf2+ 34. Kd3 Rf3+ 35. Kd2 Rf2+ 36. Kc1 Rh2 37. Nf6 {[%mdl 64] Double Attack} d4 38. h5 Kb8 39. Rb4+ Ka8 40. Nd5 {[%cal Rd5c7]} Bb8 41. Rb7 {Accuracy: White = 85%, Black = 45%.} 1-0

[Event "Astana Open-A 2019"]
[Site "Nur-Sultan"]
[Date "2019.07.11"]
[Round "3"]
[White "Kardashevskiy, Evgeny"]
[Black "Sivuk, Vitaly"]
[Result "0-1"]
[WhiteElo "2429"]
[BlackElo "2546"]
[Annotator "TA"]
[PlyCount "82"]
[EventDate "2019.07.11"]
[EventCountry "KAZ"]
[SourceTitle "playchess.com"]
[Source "ChessBase"]
[SourceQuality "1"]

{[%evp 14,82,22,20,32,23,25,10,33,4,16,8,12,0,7,-21,-27,-37,-44,-72,-64,-73,-62,-68,-68,-77,-66,-102,-97,-110,-92,-113,-97,-119,-118,-118,-118,-112,-110,-110,-103,-110,-113,-115,-104,-115,-100,-125,-76,-75,0,-43,0,-107,-108,-102,-98,-313,-256,-301,-248,-248,-254,-256,-253,-243,-233,-2325,-2235,-29991,-29992]} 1. d4 Nf6 2. Nf3 d5 3. c4 e6 4. Nc3 Nbd7 5. Bf4 dxc4 6. e3 Nd5 7. Bxc4 Nxf4 8. exf4 Nb6 {D37: Queen's Gambit Declined: 5 Bf4} 9. Bb3 g6 10. h4 Bg7 {The position is equal.} 11. h5 Qe7 $146 ({Predecessor:} 11... Bd7 12. Ne5 Qe7 13. Qe2 O-O-O 14. O-O-O Rhe8 15. Ne4 Kb8 16. hxg6 hxg6 {0-1 (53) Loiseau,Q (2461)-Parligras,M (2633) Reykjavik 2019}) 12. Qd3 Bd7 13. Ne5 O-O-O 14. Rd1 Be8 15. Qe4 Qb4 16. Rd2 a5 {[%cal Ba7a5,Ba5a4][%mdl 32]} 17. Rh3 a4 18. Bd1 Nc4 19. Nxc4 Qxc4 20. Be2 Qb4 $1 21. a3 Qa5 22. h6 {[#]} Bf6 $1 23. Bf3 Bc6 24. Qe3 Bxf3 25. Rxf3 Rd7 26. Qe4 Rhd8 {[%cal Rf6d4]} 27. Rfd3 Qa6 28. Ne2 Qb5 29. g4 Kb8 30. Nc3 Qa5 31. Kd1 Qa7 (31... c6 $17) 32. d5 (32. g5 $5 {[%cal Rg5f6]} Bh8 33. d5 $11) 32... Qa6 33. Nxa4 (33. Kc2 $11 {remains equal.}) 33... Rxd5 $17 34. Nc5 Qc6 35. b4 $2 {[#]} (35. Rxd5 $17 exd5 36. Qc2) 35... b6 $1 $19 {[%cal Bb7b6,Bb6c5,Bc5c4,Bc4c3,Bc3c2][%mdl 32]} 36. g5 bxc5 37. gxf6 c4 38. Rxd5 exd5 ({Worse is} 38... Rxd5 39. Kc1 $15) 39. Qe7 Re8 40. Qxf7 $2 (40. Qc5 Qa4+ 41. Rc2) 40... c3 41. Qxd5 {[#]} c2+ $1 {[%mdl 512] Accuracy: White = 29%, Black = 75%.} 0-1

[Event "Astana Open-A 2019"]
[Site "Nur-Sultan"]
[Date "2019.07.11"]
[Round "3"]
[White "Lugovskoy, Maxim"]
[Black "Erigaisi Arjun"]
[Result "0-1"]
[WhiteElo "2425"]
[BlackElo "2531"]
[Annotator "TA"]
[PlyCount "44"]
[EventDate "2019.07.11"]
[EventCountry "KAZ"]
[SourceTitle "playchess.com"]
[Source "ChessBase"]
[SourceQuality "1"]

{[%evp 16,58,0,0,0,0,0,0,0,-18,-5,-53,-38,-61,0,-16,-30,-24,-25,-81,-41,-151,-133,-131,-138,-133,-139,-129,-120,-206,-205,-205,-171,-179,-187,-505,-501,-496,-498,-477,-471,-734,-819,-990,-974]} 1. e4 c5 2. c3 d6 3. d4 Nf6 4. dxc5 Nc6 5. f3 d5 6. exd5 Nxd5 7. Bc4 e6 8. Bxd5 exd5 9. Be3 $1 b6 $1 {B22: Sicilian: 2 c3} (9... Be7 10. Ne2 O-O 11. O-O {½-½ (11) Markovic,M (2558)-Damljanovic,B (2559) Novi Sad 2000}) 10. cxb6 Bd6 {aiming for ...0-0.} 11. Ne2 O-O {Threatens to win with ...Re8.The position is equal.} 12. O-O Ba6 {And now ...Re8 would win.} 13. Re1 Ne5 $1 14. Ng3 $146 ({Predecessor:} 14. Nf4 Nc4 15. Nd3 Nxe3 16. Rxe3 Qxb6 {0-1 (16) Wadsack,W (2161)-Schnepp,G (2349) Hoersching 2017}) 14... Nc4 ({Black should play} 14... Nd3 $15 15. Re2 (15. bxa7 $2 Re8 $17) 15... axb6) 15. Bd4 (15. bxa7 $2 Nxe3 16. Qd2 Qb6 $19) 15... Nxb2 {[%cal Bc4b2,Bb2d3,Bd3f4][%mdl 32]} 16. Qc2 $1 {[%cal Rc2b2]} Nd3 17. Rd1 {[#]} (17. Re3 $11 Re8 18. Rxe8+ (18. Rxd3 Re1+ 19. Kf2 Bxg3+ 20. hxg3 Qe7 $17) (18. bxa7 Rxe3 19. Bxe3 Qe7 $17) 18... Qxe8 19. Nd2) 17... Nf4 $1 $17 18. Nd2 ({Better is} 18. bxa7 $15 Re8 19. Nd2) 18... axb6 19. Ndf1 Re8 20. Ne3 h5 21. Kh1 g6 22. c4 (22. Ngf1 $17 {was worth a try.}) 22... Qh4 {Played: Ra8-c8} 0-1

[Event "Astana Open-A 2019"]
[Site "Nur-Sultan"]
[Date "2019.07.11"]
[Round "3"]
[White "Igambergenov, Alibek"]
[Black "Bocharov, Dmitry"]
[Result "1-0"]
[WhiteElo "2337"]
[BlackElo "2506"]
[Annotator "TA"]
[PlyCount "62"]
[EventDate "2019.07.11"]
[EventCountry "KAZ"]
[SourceTitle "playchess.com"]
[Source "ChessBase"]
[SourceQuality "1"]

{[%evp 24,62,32,24,54,48,92,54,56,29,41,31,35,37,36,0,0,0,0,-9,-7,-18,-32,-26,-37,-27,-16,-29,0,-41,44,41,52,52,43,25,50,40,37,43,57]} 1. Nf3 Nf6 2. c4 c5 3. Nc3 Nc6 4. g3 d5 5. cxd5 Nxd5 6. Bg2 Nc7 7. d3 e5 8. Nd2 Bd7 9. Nc4 Be7 10. O-O O-O 11. Bxc6 Bxc6 12. Nxe5 Be8 13. Qb3 {[#]} Rb8 $146 {A34: Symmetrical English: 2 Nc3, lines with ...d5} ({Predecessor:} 13... b6 14. Be3 Kh8 15. Rfd1 f6 16. Nf3 Bf7 17. Qc2 Nd5 18. d4 Nxe3 19. fxe3 Qc8 20. Qe4 Re8 21. Qf4 {1-0 (69) Akopian,V (2691)-Ponkratov,P (2605) Khanty-Mansiysk 2013}) 14. Be3 Kh8 15. Rad1 b5 16. Rc1 f6 17. Nf3 Bf7 18. Qd1 Rc8 19. Nd2 Qd7 20. Nce4 Ne6 21. Nb3 {[%cal Rb3c5]} Qd5 22. Rc2 f5 23. Nc3 Qb7 24. Qc1 Rfd8 25. Rd1 Bf6 26. Nb1 {[%cal Re3c5] [#]} Nd4 (26... c4 $1 $15 {[%mdl 512]} 27. dxc4 Rxd1+ 28. Qxd1 f4 29. gxf4 Bg6) 27. Bxd4 $1 $14 cxd4 28. Rxc8 Rxc8 29. Qf4 Qd7 30. Rc1 Rxc1+ 31. Qxc1 h6 {Accuracy: White = 50%, Black = 46%.} 1-0

[Event "Astana Open-A 2019"]
[Site "Nur-Sultan"]
[Date "2019.07.12"]
[Round "4.1"]
[White "Vitaly, Sivuk"]
[Black "Ayan, Akhmetov"]
[Result "1-0"]
[WhiteElo "2546"]
[BlackElo "2430"]
[Annotator "ChessBase"]
[PlyCount "93"]
[EventDate "2019.07.11"]
[EventCountry "KAZ"]
[SourceTitle "playchess.com"]
[Source "ChessBase"]
[SourceQuality "1"]
[TimeControl "5400+30"]

1. d4 {[%emt 0:00:00]} Nf6 {[%emt 0:00:00]} 2. c4 {[%emt 0:00:00]} Nc6 {[%emt 0:00:17]} 3. Nf3 {[%emt 0:01:22]} e6 {[%emt 0:00:12]} 4. g3 {[%emt 0:00:51]} Bb4+ {[%emt 0:02:35]} 5. Bd2 {[%emt 0:01:07]} O-O {[%emt 0:01:08]} 6. Bg2 {[%emt 0:01:08]} Re8 {[%emt 0:04:05]} 7. O-O {[%emt 0:01:30]} d5 {[%emt 0:03:46]} 8. Qc2 {[%emt 0:08:18]} a6 {[%emt 0:08:41]} 9. Rd1 {[%emt 0:01:30]} h6 {[%emt 0:04:41]} 10. Bxb4 {[%emt 0:05:56]} Nxb4 {[%emt 0:00:07]} 11. Qc3 {[%emt 0:00:12]} Nc6 {[%emt 0:01:50]} 12. Nbd2 {[%emt 0:00:29]} Bd7 {[%emt 0:10:17]} 13. Rac1 {[%emt 0:04:04]} Ne4 {[%emt 0:05:26]} 14. Qc2 {[%emt 0:18:36]} f5 {[%emt 0:09:36]} 15. cxd5 {[%emt 0:02:23]} exd5 {[%emt 0:00:01]} 16. Qb3 {[%emt 0:00:26]} Bc8 {[%emt 0:00:32]} 17. e3 {[%emt 0:08:54]} Kh8 {[%emt 0:02:11]} 18. Ne1 {[%emt 0:02:17]} Qd6 {[%emt 0:03:42]} 19. Nd3 {[%emt 0:00:41]} Nd8 {[%emt 0:03:01]} 20. Nf3 {[%emt 0:00:56]} Be6 {[%emt 0:05:28]} 21. Nfe5 {[%emt 0:00:54]} c6 {[%emt 0:01:06]} 22. f3 {[%emt 0:01:33]} Nf6 {[%emt 0:00:28]} 23. Nc5 {[%emt 0:00:35]} Rb8 {[%emt 0:01:12]} 24. Bh3 {[%emt 0:02:09]} Kg8 {[%emt 0:00:58]} 25. Qc2 {[%emt 0:03:08]} Nf7 {[%emt 0:06:41]} 26. Nxe6 {[%emt 0:02:23]} Rxe6 {[%emt 0:00:17]} 27. Bxf5 {[%emt 0:00:13]} Rxe5 {[%emt 0:01:09]} 28. dxe5 {[%emt 0:00:07]} Nxe5 {[%emt 0:00:08]} 29. Qe2 {[%emt 0:03:19]} Re8 {[%emt 0:00:34]} 30. e4 {[%emt 0:02:42]} g6 {[%emt 0:02:30]} 31. Bh3 {[%emt 0:00:25]} g5 {[%emt 0:01:38]} 32. Bf5 {[%emt 0:01:45]} Nf7 {[%emt 0:01:45]} 33. Qf2 {[%emt 0:01:22]} Qb8 {[%emt 0:03:59]} 34. exd5 {[%emt 0:06:04]} Nxd5 {[%emt 0:00:06]} 35. Re1 {[%emt 0:00:08]} Re5 {[%emt 0:00:36]} 36. Be6 {[%emt 0:00:49]} Qd6 {[%emt 0:00:15]} 37. Rxe5 {[%emt 0:00:24]} Qxe5 {[%emt 0:00:07]} 38. Re1 {[%emt 0:00:07]} Qf6 {[%emt 0:00:40]} 39. Bxd5 {[%emt 0:04:50]} cxd5 {[%emt 0:00:09]} 40. Rd1 {[%emt 0:00:05]} Qf5 {[%emt 0:01:55]} 41. f4 {[%emt 0:01:24]} gxf4 {[%emt 0:01:00]} 42. Qxf4 {[%emt 0:00:10]} Qc2 {[%emt 0:00:40]} 43. Qd2 {[%emt 0:00:32]} Qc5+ {[%emt 0:00:07]} 44. Qd4 {[%emt 0:00:09]} Qb5 {[%emt 0:00:14]} 45. Rd2 {[%emt 0:01:07]} Kf8 {[%emt 0:00:43]} 46. Qxd5 {[%emt 0:00:25]} Qe8 {[%emt 0:00:09]} 47. Rf2 {[%emt 0:00:18]} 1-0

[Event "Astana Open-A 2019"]
[Site "Nur-Sultan"]
[Date "2019.07.12"]
[Round "4.2"]
[White "Arjun, Erigaisi"]
[Black "Alibek, Igambergenov"]
[Result "1-0"]
[WhiteElo "2531"]
[BlackElo "2337"]
[Annotator "ChessBase"]
[PlyCount "95"]
[EventDate "2019.07.11"]
[EventCountry "KAZ"]
[SourceTitle "playchess.com"]
[Source "ChessBase"]
[SourceQuality "1"]
[TimeControl "5400+30"]

1. d4 {[%emt 0:00:00]} Nf6 {[%emt 0:00:00]} 2. c4 {[%emt 0:00:00]} e6 {[%emt 0:00:00]} 3. Nf3 {[%emt 0:00:57]} d5 {[%emt 0:00:18]} 4. Nc3 {[%emt 0:00:14]} a6 {[%emt 0:00:06]} 5. cxd5 {[%emt 0:00:38]} exd5 {[%emt 0:00:04]} 6. g3 {[%emt 0:00:08]} Bd6 {[%emt 0:00:31]} 7. Bg2 {[%emt 0:00:13]} O-O {[%emt 0:00:21]} 8. O-O {[%emt 0:01:10]} c6 {[%emt 0:00:33]} 9. Qb3 {[%emt 0:01:52]} Qc7 {[%emt 0:08:27]} 10. Bg5 {[%emt 0:13:38]} Nbd7 {[%emt 0:10:22]} 11. Nh4 {[%emt 0:01:25]} h6 {[%emt 0:01:59]} 12. Bd2 {[%emt 0:00:52]} Nb6 {[%emt 0:07:13]} 13. Qc2 {[%emt 0:01:11]} Nc4 {[%emt 0:01:25]} 14. Bc1 {[%emt 0:01:07]} Be6 {[%emt 0:03:51]} 15. a4 {[%emt 0:06:48]} Qb6 {[%emt 0:08:17]} 16. Rd1 {[%emt 0:22:23]} Na5 {[%emt 0:10:25]} 17. Rb1 {[%emt 0:08:24]} Qb3 {[%emt 0:01:48]} 18. Qd3 {[%emt 0:02:28]} b5 {[%emt 0:04:16]} 19. Nf3 {[%emt 0:02:37]} bxa4 {[%emt 0:08:04]} 20. Nd2 {[%emt 0:01:38]} Qb6 {[%emt 0:06:27]} 21. Ra1 {[%emt 0:00:40]} a3 {[%emt 0:03:54]} 22. bxa3 {[%emt 0:03:47]} Rfb8 {[%emt 0:00:59]} 23. Rb1 {[%emt 0:03:03]} Qa7 {[%emt 0:00:29]} 24. Bb2 {[%emt 0:01:15]} Rb7 {[%emt 0:02:41]} 25. e4 {[%emt 0:02:37]} Rab8 {[%emt 0:01:21]} 26. Qc2 {[%emt 0:03:17]} Be7 {[%emt 0:01:18]} 27. e5 {[%emt 0:03:55]} Nd7 {[%emt 0:00:07]} 28. Na4 {[%emt 0:00:54]} Nb6 {[%emt 0:05:23]} 29. Nxb6 {[%emt 0:01:22]} Rxb6 {[%emt 0:00:04]} 30. Bc3 {[%emt 0:00:23]} Rxb1 {[%emt 0:00:05]} 31. Rxb1 {[%emt 0:00:10]} Rxb1+ {[%emt 0:00:04]} 32. Qxb1 {[%emt 0:00:07]} Nb7 {[%emt 0:00:09]} 33. Qb3 {[%emt 0:01:37]} c5 {[%emt 0:03:18]} 34. Bxd5 {[%emt 0:00:53]} cxd4 {[%emt 0:00:03]} 35. Bxe6 {[%emt 0:00:16]} dxc3 {[%emt 0:00:03]} 36. Bxf7+ {[%emt 0:00:14]} Kh8 {[%emt 0:02:15]} 37. Qxc3 {[%emt 0:00:26]} Nd8 {[%emt 0:00:07]} 38. Ba2 {[%emt 0:00:38]} Qd7 {[%emt 0:01:07]} 39. Qb3 {[%emt 0:02:02]} Qe8 {[%emt 0:00:05]} 40. Nf3 {[%emt 0:00:24]} a5 {[%emt 0:00:14]} 41. Qd3 {[%emt 0:02:05]} Qc6 {[%emt 0:01:08]} 42. Nd4 {[%emt 0:01:49]} Qc1+ {[%emt 0:02:16]} 43. Kg2 {[%emt 0:00:07]} Qc8 {[%emt 0:00:04]} 44. Bb1 {[%emt 0:00:29]} Kg8 {[%emt 0:00:48]} 45. Qh7+ {[%emt 0:00:45]} Kf8 {[%emt 0:00:06]} 46. Qh8+ {[%emt 0:00:05]} Kf7 {[%emt 0:00:05]} 47. Ba2+ {[%emt 0:00:04]} Kg6 {[%emt 0:00:07]} 48. Qe8+ {[%emt 0:00:06]} 1-0